[Event "East Lansing (Class DE/1/3)"]
[Site "?"]
[Date "1995.??.??"]
[Round "?"]
[White "Miller, J."]
[Black "McMahan, M."]
[Result "0-1"]
[WhiteElo "1605"]
[BlackElo "1605"]
[PlyCount "62"]
[EventDate "1995.??.??"]

{1/(3)} 1. e4 e5 2. Nf3 Nc6 3. Bc4 Bc5 4. d3 h6 5. Nc3 Nf6 6. Be3 Bb6 7. O-O d6
8. h3 a6 9. a3 Be6 10. Nd5 Nd7 11. Qd2 Bxd5 12. Bxd5 O-O 13. Bxh6 gxh6 14. Qxh6
Qf6 15. Qg5+ Qxg5 16. Nxg5 Nf6 17. Bxc6 bxc6 18. g4 Kh8 19. Nf3 Rg8 20. Kh2 Rg7
21. g5 Nh5 22. h4 f6 23. gxf6 Nxf6 24. Ng5 Nh7 25. Nxh7 Kxh7 26. Rae1 Rag8 27.
Re2 Rg2+ 28. Kh3 Kh6 29. c3 Kh5 30. Re3 R2g4 31. Kh2 Bxe3 0-1

[Event "Grand Rapids (MI Am/5/20)"]
[Site "?"]
[Date "1995.??.??"]
[Round "?"]
[White "Miller, J."]
[Black "Koernke, R."]
[Result "0-1"]
[WhiteElo "1605"]
[BlackElo "1605"]
[PlyCount "70"]
[EventDate "1995.??.??"]

{5/(20)} 1. d4 d5 2. e3 Nf6 3. Bd3 c6 4. Nd2 Bg4 5. f3 Bh5 6. Ne2 Nbd7 7. Nf4
Bg6 8. e4 dxe4 9. fxe4 e5 10. Nxg6 hxg6 11. Nf3 exd4 12. Bg5 Qa5+ 13. Bd2 Qb6
14. b3 Bd6 15. h3 Bg3+ 16. Kf1 Ng4 17. Qe2 Nge5 18. Nxe5 Nxe5 19. Kg1 O-O-O 20.
Rf1 f6 21. Bf4 Bxf4 22. Rxf4 Kb8 23. Kh2 g5 24. Rf5 g4 25. Kg3 Qc7 26. Rxe5
Qxe5+ 27. Kxg4 g5 28. g3 Qe6+ 29. Kf3 g4+ 30. Kf2 gxh3 31. Bc4 Qe5 32. Qg4 f5
33. exf5 Qe3+ 34. Kf1 Qc1+ 35. Kf2 Qxh1 0-1

[Event "Troy (TCC Res/3/14)"]
[Site "?"]
[Date "1995.??.??"]
[Round "?"]
[White "Miller, J."]
[Black "Keeley, G."]
[Result "0-1"]
[WhiteElo "1605"]
[BlackElo "1605"]
[PlyCount "58"]
[EventDate "1995.??.??"]

{3/(14)} 1. d4 Nf6 2. e3 e6 3. Bd3 d5 4. Nd2 Nc6 5. f4 Bd7 6. Ngf3 Ng4 7. Qe2
Bd6 8. O-O h5 9. Ne5 Qe7 10. Ndf3 O-O-O 11. Bd2 Rh6 12. a3 f5 13. b4 h4 14. h3
Qf6 15. Bc3 Be7 16. b5 Ncxe5 17. Nxe5 Nxe5 18. dxe5 Qf7 19. Bd4 Kb8 20. Rfb1
Rg8 21. a4 g5 22. fxg5 Rxg5 23. c3 Rhg6 24. Rb2 Qg7 25. Raa2 Rg3 26. Bxf5 exf5
27. e6 Qg8 28. exd7 Rxh3 29. Qh5 Rg5 0-1

[Event "Troy (TCC Res/1/16)"]
[Site "?"]
[Date "1995.??.??"]
[Round "?"]
[White "Miller, J."]
[Black "Barta, Roger"]
[Result "0-1"]
[WhiteElo "1605"]
[BlackElo "1605"]
[PlyCount "28"]
[EventDate "1995.??.??"]

{1/(16)} 1. d4 d5 2. e3 Nf6 3. Bd3 c5 4. c3 Nc6 5. Nd2 e6 6. e4 cxd4 7. cxd4
Nxd4 8. Qa4+ Nc6 9. Ngf3 dxe4 10. Nxe4 Qxd3 11. Nxf6+ gxf6 12. Bd2 Bd7 13. Rd1
Nb4 14. Qb3 Nc2+ 0-1

[Event "Grand Rapids (MI Am/1/4)"]
[Site "?"]
[Date "1995.??.??"]
[Round "?"]
[White "Miller, J."]
[Black "Aldrich, Jeff"]
[Result "0-1"]
[WhiteElo "1605"]
[BlackElo "1935"]
[PlyCount "64"]
[EventDate "1995.??.??"]

{1/(4)} 1. d4 d5 2. e3 Nf6 3. Bd3 Bg4 4. f3 Bh5 5. Qd2 e6 6. Ne2 Bg6 7. O-O Bd6
8. f4 Nbd7 9. Bxg6 hxg6 10. Ng3 Ng4 11. h3 Qh4 12. Qe1 Ndf6 13. Nd2 Qh7 14. Qe2
Be7 15. Nf3 Ne4 16. Nxe4 dxe4 17. Ng5 Bxg5 18. fxg5 f5 19. hxg4 Qh2+ 20. Kf2
Qh4+ 21. g3 Qh2+ 22. Ke1 Qxg3+ 23. Kd2 Rh2 24. Qxh2 Qxh2+ 25. Kc3 O-O-O 26. Bd2
e5 27. Rh1 exd4+ 28. exd4 Qg3+ 29. Kc4 b5+ 30. Kxb5 Rxd4 31. Kc6 Qd6+ 32. Kb5
Qb6# 0-1

[Event "East Lansing (Class C/3/4)"]
[Site "?"]
[Date "1995.??.??"]
[Round "?"]
[White "Mihelich, John"]
[Black "Kane, Paul"]
[Result "0-1"]
[WhiteElo "1605"]
[BlackElo "1605"]
[PlyCount "104"]
[EventDate "1995.??.??"]

{3/(4)} 1. e4 c5 2. Bc4 e6 3. Nc3 Nc6 4. Nf3 d6 5. d4 cxd4 6. Nxd4 a6 7. Be3
Be7 8. O-O Nf6 9. h3 Qc7 10. a3 b5 11. Be2 Bb7 12. f4 O-O 13. Nf3 Rac8 14. Nh2
Na5 15. Bf3 Nc4 16. Bc1 Rfd8 17. b3 Qb6+ 18. Kh1 Ne3 19. Bxe3 Qxe3 20. Ne2 Bxe4
21. Bxe4 Nxe4 22. Ng4 Ng3+ 23. Nxg3 Qxg3 24. Rf3 Qh4 25. Qd3 Rc7 26. Rc1 Rdc8
27. c3 d5 28. b4 Rc4 29. Qd2 Bf6 30. Kh2 d4 31. g3 Qh5 32. Nxf6+ gxf6 33. g4
Qd5 34. Rd3 e5 35. g5 e4 36. Qg2 f5 37. Rg3 Rxc3 38. g6 fxg6 39. Rxg6+ hxg6 40.
Qxg6+ Kf8 41. Rg1 Rc2+ 42. Kg3 Qf7 43. Qd6+ Qe7 44. Qh6+ Qg7+ 45. Qxg7+ Kxg7
46. Kh4+ Kf6 47. Rg5 R2c3 48. Rh5 Rg8 49. Rh6+ Rg6 50. Rxg6+ Kxg6 51. a4 Kf6
52. axb5 axb5 0-1

[Event "East Lansing (Class C/4/7)"]
[Site "?"]
[Date "1995.??.??"]
[Round "?"]
[White "Mihelich, John"]
[Black "Belill, Matt"]
[Result "0-1"]
[WhiteElo "1605"]
[BlackElo "1605"]
[PlyCount "72"]
[EventDate "1995.??.??"]

{4/(7)} 1. e4 e5 2. Nf3 Nc6 3. h3 Nf6 4. Nc3 Be7 5. Bc4 h6 6. a3 d6 7. d4 exd4
8. Nxd4 Ne5 9. Be2 c6 10. Be3 O-O 11. Qd2 d5 12. f3 c5 13. Bxh6 cxd4 14. Qxd4
gxh6 15. Qxe5 Bd6 16. Qd4 Bg3+ 17. Kf1 dxe4 18. Qe3 Kh7 19. fxe4 Rg8 20. Bd3
Be5 21. Nd5 Rg3 22. Qe2 Be6 23. c4 Nd7 24. Ne3 Qf6+ 25. Ke1 Qg5 26. Kd2 Bf4 27.
Kc3 Rxe3 28. Qf1 Nc5 29. Rd1 Rd8 30. h4 Qe5+ 31. Kc2 Nxd3 32. Rxd3 Rexd3 33.
Rh3 Rd2+ 34. Kb3 Qxb2+ 35. Ka4 Bd7+ 36. Ka5 Bc7# 0-1

[Event "Detroit (CMS Jun/3/4/2)"]
[Site "?"]
[Date "1995.??.??"]
[Round "?"]
[White "Menczer, David"]
[Black "Strimpel, D."]
[Result "0-1"]
[WhiteElo "1605"]
[BlackElo "1605"]
[PlyCount "72"]
[EventDate "1995.??.??"]

{3/4} 1. e4 e5 2. Nf3 Nc6 3. Bc4 Bc5 4. O-O Nf6 5. Nc3 d6 6. d3 Bg4 7. h3 Bxf3
8. Qxf3 Nd4 9. Qg3 Bb4 10. Qxg7 Kd7 11. Qxf7+ Kc8 12. Nd5 Rf8 13. Qe6+ Nxe6 14.
Bg5 Nxg5 15. a3 Bd2 16. b4 Nxd5 17. Bxd5 Bc3 18. Rab1 c6 19. Ba2 d5 20. f3 dxe4
21. dxe4 Nxe4 22. fxe4 Rxf1+ 23. Rxf1 Qd4+ 24. Kh1 Kc7 25. Rf7+ Kd6 26. Rxh7
Qd1+ 27. Kh2 Qxc2 28. Bc4 b5 29. Rh6+ Ke7 30. Rh7+ Kf6 31. Bf7 Rf8 32. Bh5 Qxe4
33. Bf3 Qxh7 34. Bxc6 e4 35. Bxb5 e3 36. Be2 Qc2 0-1

[Event "Detroit (CMS Jun/1/4/4)"]
[Site "?"]
[Date "1995.??.??"]
[Round "?"]
[White "Menczer, David"]
[Black "Powell, Antione"]
[Result "1-0"]
[WhiteElo "1605"]
[BlackElo "1605"]
[PlyCount "63"]
[EventDate "1995.??.??"]

{1/4} 1. e4 e5 2. Nf3 d6 3. Bc4 Nf6 4. Nc3 Be7 5. Ng5 O-O 6. d3 h6 7. h4 b6 8.
Nd5 Nxd5 9. Bxd5 c6 10. Bc4 d5 11. Bb3 Bc5 12. Qf3 Nd7 13. Ba4 b5 14. Bb3 Rb8
15. exd5 Nb6 16. dxc6 Qe7 17. Be3 Bf5 18. Qxf5 g6 19. Qf3 e4 20. dxe4 Rbd8 21.
Bxc5 Qe8 22. Bxf8 Qxf8 23. O-O Nc8 24. c7 Rd7 25. Rae1 hxg5 26. h5 gxh5 27.
Qxh5 Rxc7 28. Re3 Nd6 29. Rh3 Qg7 30. Rd1 Nxe4 31. Rd8+ Qf8 32. Qh8# 1-0

[Event "Detroit (MI Action/4/11)"]
[Site "?"]
[Date "1995.??.??"]
[Round "?"]
[White "Menczer, David"]
[Black "Iyer, Krishnan"]
[Result "0-1"]
[WhiteElo "1605"]
[BlackElo "1605"]
[PlyCount "65"]
[EventDate "1995.??.??"]

{4/(11)} 1. e4 c5 2. Nc3 Nc6 3. Nf3 g6 4. d3 Bg7 5. Be3 d6 6. d4 cxd4 7. Nxd4
Bd7 8. Nxc6 Bxc6 9. Bd4 Nf6 10. Bd3 O-O 11. O-O Qd7 12. f3 b5 13. e5 Ne8 14. f4
dxe5 15. fxe5 Qxd4+ 16. Rf2 Nc7 17. Qe1 Qxe5 18. Re2 Qc5+ 19. Kh1 e5 20. Ne4
Qe7 21. b3 f5 22. Nc3 b4 23. Bc4+ Kh8 24. Na4 Bxa4 25. bxa4 e4 26. Rb1 Bc3 27.
Qd1 Rad8 28. Qf1 Qc5 29. Bb3 Rd4 30. a5 Qxa5 31. Qf4 Rfd8 32. Rg1 Qc5 33. Qg5
0-1

[Event "Detroit (MI Action/2/17)"]
[Site "?"]
[Date "1995.??.??"]
[Round "?"]
[White "Menczer, David"]
[Black "Hooker, Larry"]
[Result "0-1"]
[WhiteElo "1605"]
[BlackElo "1605"]
[PlyCount "105"]
[EventDate "1995.??.??"]

{2/(17)} 1. e4 e5 2. Nf3 Nc6 3. Bc4 Nf6 4. Ng5 d5 5. exd5 Nxd5 6. d3 Be7 7. Qh5
Nd4 8. Qxf7+ Kd7 9. Qxd5+ Ke8 10. Qxe5 Nxc2+ 11. Kd1 Nxa1 12. Qxg7 Rf8 13. Ke2
Bg4+ 14. f3 Bf5 15. Re1 Nc2 16. Bf7+ Kd7 17. Rd1 Bxg5 18. Bb3+ Kc8 19. Bxg5
Re8+ 20. Kd2 Qd6 21. Kxc2 Qc5+ 22. Nc3 Re2+ 23. Rd2 Rxd2+ 24. Kxd2 b6 25. Qg8+
Kb7 26. Bd5+ c6 27. Qf7+ Ka6 28. Bc4+ b5 29. g4 Qf2+ 30. Kd1 Qxf3+ 31. Kc2 bxc4
32. Qxc4+ Kb6 33. gxf5 Qxf5 34. Be3+ Kc7 35. b4 Rg8 36. Qxg8 Qh3 37. Qg3+ Qxg3
38. hxg3 h5 39. Bxa7 Kd6 40. a4 Ke5 41. a5 Kf5 42. a6 Kg4 43. Bb8 Kf5 44. a7
Kf6 45. a8=Q c5 46. bxc5 Ke6 47. Qd5+ Ke7 48. c6 h4 49. Qd7+ Kf6 50. Ne4+ Kg6
51. Qe6+ Kg7 52. Be5+ Kh7 53. Ng5# 0-1

[Event "Eastpointe (EDO/5/6)"]
[Site "?"]
[Date "1995.??.??"]
[Round "?"]
[White "McNeil, Yaking"]
[Black "al-Shareef, Robert"]
[Result "1-0"]
[WhiteElo "1605"]
[BlackElo "1630"]
[PlyCount "77"]
[EventDate "1995.??.??"]

{5/(6)} 1. e3 d5 2. f4 Bf5 3. Nf3 Nd7 4. b3 e6 5. Bb2 f6 6. Be2 Ne7 7. d3 c5 8.
e4 dxe4 9. dxe4 Bxe4 10. Bc4 Nd5 11. Nbd2 Ne3 12. Qe2 Nxc4 13. Nxc4 Bd5 14.
O-O-O Be7 15. Nd6+ Bxd6 16. Rxd5 Bxf4+ 17. Kb1 Kf7 18. Rd3 Qe7 19. Rhd1 Rhd8
20. g3 Bc7 21. Rf1 h6 22. Nh4 Nf8 23. Qh5+ Kg8 24. Rdf3 Rd5 25. Qg4 Rg5 26. Qc4
a6 27. Nf5 Qf7 28. Nxh6+ gxh6 29. Rxf6 Qe7 30. Rxh6 Ng6 31. h4 Rxg3 32. h5 Ne5
33. Bxe5 Bxe5 34. Rxe6 b5 35. Qd5 Rd8 36. Rd6+ Kh7 37. Rxd8 Rh3 38. Qe4+ Kh6
39. Rh8+ 1-0

[Event "Detroit (MI Action/1/15)"]
[Site "?"]
[Date "1995.??.??"]
[Round "?"]
[White "McNeil, Yaking"]
[Black "Zarzycki, Amanda"]
[Result "1-0"]
[WhiteElo "1605"]
[BlackElo "1605"]
[PlyCount "73"]
[EventDate "1995.??.??"]

{1/(15)} 1. e4 e5 2. Bc4 Nf6 3. Nc3 Bc5 4. Nf3 Nc6 5. d3 O-O 6. O-O d6 7. h3
Be6 8. Bxe6 fxe6 9. Ng5 d5 10. Nxe6 Qe7 11. exd5 Nxd5 12. Nxf8 Nxc3 13. bxc3
Qxf8 14. Rb1 Qf7 15. Rxb7 Rf8 16. Be3 Nd4 17. cxd4 exd4 18. Bd2 a6 19. Ba5 Qxa2
20. Bb4 Bxb4 21. Rxb4 Qa5 22. Rxd4 c5 23. Rh4 Qb6 24. Re1 Qf6 25. f3 Qc3 26.
Re6 a5 27. Qe2 Kh8 28. Qe5 Qxe5 29. Rxe5 Ra8 30. Ra4 g5 31. Rxc5 Re8 32. Raxa5
Kg8 33. Rc7 h5 34. Raa7 Rf8 35. Rg7+ Kh8 36. Rh7+ Kg8 37. Rag7# 1-0

[Event "Detroit (WCO/2/8)"]
[Site "?"]
[Date "1995.??.??"]
[Round "?"]
[White "McNeil, Yaking"]
[Black "Woods, O."]
[Result "1-0"]
[WhiteElo "1605"]
[BlackElo "1605"]
[PlyCount "55"]
[EventDate "1995.??.??"]

{2/(8)} 1. e4 c5 2. Nf3 Nc6 3. Bc4 d6 4. h3 g6 5. c3 Bg7 6. d4 cxd4 7. cxd4 e6
8. Bd2 d5 9. exd5 exd5 10. Bb3 Nf6 11. Nc3 O-O 12. O-O Bf5 13. Bg5 Qd7 14. Bxf6
Bxf6 15. Nxd5 Bg7 16. Ne3 Be4 17. Ng5 Rfe8 18. Bxf7+ Kh8 19. Bxe8 Qxe8 20. f3
Bxd4 21. Nxe4 Bxe3+ 22. Kh1 Rd8 23. Qb3 Bb6 24. Rad1 Nd4 25. Qc4 Qe5 26. Qf7
Nf5 27. Rxd8+ Bxd8 28. Qf8# 1-0

[Event "Detroit (WCO/4/2)"]
[Site "?"]
[Date "1995.??.??"]
[Round "?"]
[White "McNeil, Yaking"]
[Black "Thompson, Dexter"]
[Result "0-1"]
[WhiteElo "1605"]
[BlackElo "2250"]
[PlyCount "50"]
[EventDate "1995.??.??"]

{4/(2)} 1. e4 e5 2. Nf3 Nc6 3. Bc4 Nf6 4. d3 Bc5 5. Bg5 d6 6. h3 h6 7. Bh4 g5
8. Bxg5 hxg5 9. Nxg5 d5 10. exd5 Na5 11. Qe2 Nxc4 12. dxc4 Qe7 13. c3 Nxd5 14.
Ne4 Nf4 15. Qf3 Bd7 16. Nbd2 O-O-O 17. b4 Bxb4 18. cxb4 f5 19. Qa3 fxe4 20.
Qxa7 Bc6 21. Rd1 e3 22. Qa8+ Kd7 23. Ne4+ Ke6 24. Ng5+ Qxg5 25. Rxd8 Rxd8 0-1

[Event "Eastpointe (MCO/6/18)"]
[Site "?"]
[Date "1995.??.??"]
[Round "?"]
[White "McNeil, Yaking"]
[Black "Spooner, Frank"]
[Result "0-1"]
[WhiteElo "1605"]
[BlackElo "1820"]
[PlyCount "78"]
[EventDate "1995.??.??"]

{6/(18)} 1. e3 Nf6 2. f4 d6 3. b3 g6 4. Bb2 Bg7 5. Nf3 O-O 6. Be2 c5 7. d3 Nc6
8. O-O Qb6 9. c4 Qc7 10. d4 cxd4 11. Nxd4 Nxd4 12. exd4 d5 13. Na3 a6 14. Rc1
Qd8 15. c5 h5 16. Nc2 Bg4 17. Nb4 a5 18. Nd3 Bxe2 19. Qxe2 Ne4 20. Nf2 f5 21.
Nxe4 fxe4 22. Qb5 Rb8 23. c6 bxc6 24. Qxc6 Rf6 25. Qc7 Qxc7 26. Rxc7 a4 27.
Rxe7 axb3 28. a3 Rc6 29. f5 g5 30. Re6 Rbc8 31. a4 Kf7 32. a5 Rxe6 33. fxe6+
Kxe6 34. a6 Rc7 35. Rc1 Bxd4+ 36. Bxd4 Rxc1+ 37. Kf2 Rc2+ 38. Ke3 b2 39. a7
b1=Q 0-1

[Event "Grand Rapids (MI Am/1/29)"]
[Site "?"]
[Date "1995.??.??"]
[Round "?"]
[White "McNeil, Yaking"]
[Black "Smalec, Joseph"]
[Result "1-0"]
[WhiteElo "1605"]
[BlackElo "1605"]
[PlyCount "87"]
[EventDate "1995.??.??"]

{1/(29)} 1. f4 d5 2. e3 e6 3. Nf3 Nf6 4. b3 Nc6 5. Bb2 Bc5 6. Nc3 d4 7. Na4 b6
8. Bb5 Bd7 9. Nxc5 bxc5 10. exd4 cxd4 11. O-O O-O 12. Bxc6 Bxc6 13. Nxd4 Qd5
14. Nxc6 Qxc6 15. Qf3 Qxc2 16. Bxf6 gxf6 17. Qc3 Qxc3 18. dxc3 Rad8 19. Rad1
Kg7 20. Kf2 Kg6 21. Ke3 Kf5 22. Kf3 Rg8 23. h4 Rxd1 24. Rxd1 Rg4 25. g3 Rg8 26.
h5 h6 27. Rd8 Rg7 28. Rd7 e5 29. Rxc7 exf4 30. Rc5+ Ke6 31. Kxf4 Rg8 32. Rc6+
Ke7 33. Rc7+ Ke6 34. Rxa7 Rg5 35. Ra6+ Ke7 36. g4 Rd5 37. Ra4 Rd3 38. Re4+ Kf8
39. c4 Rd2 40. a4 Rb2 41. Re3 Kg7 42. Rc3 Rf2+ 43. Kg3 Rf1 44. c5 1-0

[Event "Detroit (MI Team/2/4/3)"]
[Site "?"]
[Date "1995.??.??"]
[Round "?"]
[White "McNeil, Yaking"]
[Black "Roberts, Andy"]
[Result "1-0"]
[WhiteElo "1605"]
[BlackElo "1605"]
[PlyCount "115"]
[EventDate "1995.??.??"]

{2/4} 1. f4 d6 2. e3 e5 3. b3 Nc6 4. fxe5 dxe5 5. Bb2 Bf5 6. Bb5 Bd7 7. Nf3 Bd6
8. O-O a6 9. Bxc6 Bxc6 10. Nxe5 Bd5 11. Nxf7 Bxf7 12. Bxg7 Qh4 13. h3 Qg3 14.
Rxf7 Kxf7 15. Bxh8 Rf8 16. Qf3+ Ke8 17. Qxg3 Bxg3 18. Nc3 Ne7 19. Bd4 Nc6 20.
Ne4 Bh4 21. Rf1 Rxf1+ 22. Kxf1 Nb4 23. Nc5 b5 24. c3 Nxa2 25. Nxa6 Kd7 26. Nc5+
Kc6 27. b4 Be7 28. Ke2 Kd5 29. Kd1 Kc4 30. Kc2 Nxb4+ 31. cxb4 Kxb4 32. Na6+ Kc4
33. d3+ Kd5 34. Nxc7+ Kc6 35. Ne6 b4 36. Bc5 Bxc5 37. Nxc5 Kxc5 38. Kb3 h5 39.
g4 hxg4 40. hxg4 Kd5 41. Kxb4 Ke5 42. Kc5 Ke6 43. d4 Ke7 44. Kc6 Kd8 45. Kd6
Ke8 46. Kc7 Ke7 47. d5 Kf6 48. d6 Kg5 49. d7 Kxg4 50. d8=Q Kf3 51. Qd4 Kg3 52.
Qf4+ Kg2 53. Kd6 Kh3 54. Qg5 Kh2 55. Ke5 Kh3 56. Kf4 Kh2 57. Kf3 Kh1 58. Qg2#
1-0

[Event "Eastpointe (EDO/2/15)"]
[Site "?"]
[Date "1995.??.??"]
[Round "?"]
[White "McNeil, Yaking"]
[Black "Richert, C."]
[Result "1-0"]
[WhiteElo "1605"]
[BlackElo "1605"]
[PlyCount "42"]
[EventDate "1995.??.??"]

{2/(15)} 1. e4 e5 2. Nf3 Nc6 3. Bc4 d6 4. d3 Bg4 5. h3 Bh5 6. c3 Be7 7. Be3 Nf6
8. Nbd2 Qd7 9. Qb3 O-O 10. Ng5 Na5 11. Qc2 Nxc4 12. Nxc4 d5 13. Nxe5 Qe6 14.
Nxe6 fxe6 15. exd5 Nxd5 16. O-O Bd6 17. Rfe1 Bxe5 18. Bxa7 b6 19. Bxb6 Nxb6 20.
Rxe5 Bf7 21. Rae1 Nd7 1-0

[Event "Detroit (CMS Jun/1/1/3)"]
[Site "?"]
[Date "1995.??.??"]
[Round "?"]
[White "McNeil, Yaking"]
[Black "Rajlich, Vasik"]
[Result "0-1"]
[WhiteElo "1605"]
[BlackElo "2205"]
[PlyCount "110"]
[EventDate "1995.??.??"]

{1/1} 1. e4 c5 2. Nf3 d6 3. c3 Nf6 4. d3 g6 5. Be2 Bg7 6. Nbd2 O-O 7. d4 cxd4
8. cxd4 Bg4 9. h3 Bxf3 10. Bxf3 Nc6 11. Nb3 a5 12. a4 d5 13. e5 Ne4 14. O-O Qb6
15. Bxe4 dxe4 16. Be3 Rfd8 17. Qc2 Qb4 18. Rad1 Qxa4 19. Ra1 Qb5 20. Rfd1 f6
21. exf6 exf6 22. Nc5 f5 23. Ne6 Rd7 24. Nxg7 Kxg7 25. d5 Rxd5 26. Rxd5 Qxd5
27. Rd1 Qf7 28. Qc3+ Kg8 29. Rd6 Rd8 30. Rf6 Rd1+ 31. Kh2 Rd3 32. Rxf7 Rxc3 33.
Rxb7 Rc2 34. Rc7 Nb4 35. Ra7 Rxb2 36. Rxa5 Nd3 37. Ra8+ Kf7 38. Ra7+ Ke6 39.
Kg3 h5 40. Ra6+ Kf7 41. Ra7+ Ke6 42. Ra6+ Ke5 43. Ra5+ Ke6 44. Ra6+ Kd5 45.
Rxg6 Nxf2 46. Bxf2 h4+ 47. Kxh4 Rxf2 48. Kg3 e3 49. Rg5 Ke4 50. h4 f4+ 51. Kh2
e2 52. h5 e1=Q 53. h6 Rf1 54. Kh3 Rh1+ 55. Kg4 Qg3# 0-1

[Event "Detroit (MI Team/3/4/3)"]
[Site "?"]
[Date "1995.??.??"]
[Round "?"]
[White "McNeil, Yaking"]
[Black "Parker, Dea"]
[Result "1-0"]
[WhiteElo "1605"]
[BlackElo "1605"]
[PlyCount "61"]
[EventDate "1995.??.??"]

{3/4} 1. e3 e5 2. b3 Nf6 3. Bb2 d6 4. Nc3 Nc6 5. Nf3 Bf5 6. Bb5 Bd7 7. Bc4 Be7
8. Nd5 Nxd5 9. Bxd5 O-O 10. d4 exd4 11. Nxd4 Nxd4 12. Bxd4 c6 13. Be4 d5 14.
Bd3 Bf6 15. Bxf6 Qxf6 16. O-O Qg5 17. Qe2 Bh3 18. f4 Qf6 19. Qh5 g6 20. Qxh3
Rfe8 21. f5 gxf5 22. Rxf5 Qxa1+ 23. Kf2 Qb2 24. Qh6 Kh8 25. Rxf7 Qxc2+ 26. Bxc2
Rxe3 27. Rxh7+ Kg8 28. Rg7+ Kf8 29. Rxb7+ Kg8 30. Bh7+ Kh8 31. Qf6# 1-0

[Event "Grand Rapids (MI Am/5/19)"]
[Site "?"]
[Date "1995.??.??"]
[Round "?"]
[White "McNeil, Yaking"]
[Black "Juntunen, Michael"]
[Result "1/2-1/2"]
[WhiteElo "1605"]
[BlackElo "1605"]
[PlyCount "108"]
[EventDate "1995.??.??"]

{5/(19)} 1. e4 c6 2. d4 d5 3. exd5 cxd5 4. Bf4 Nf6 5. c3 e6 6. Bxb8 Rxb8 7.
Qa4+ Bd7 8. Bb5 a6 9. Bxd7+ Nxd7 10. Nf3 f6 11. O-O Bd6 12. Re1 Qe7 13. Nbd2
O-O 14. Re2 Rfe8 15. Rae1 Qf7 16. Qb3 b5 17. a3 Nb6 18. Qa2 Rbc8 19. Re3 Bf4
20. R3e2 Bxd2 21. Nxd2 Qd7 22. Nb3 Na4 23. Re3 Kf7 24. Rh3 Rh8 25. Rhe3 Rce8
26. Nd2 Qc6 27. Rc1 Nb6 28. b3 Rc8 29. Nf3 a5 30. Nd2 Rhd8 31. Qb1 Rh8 32. Rce1
Rcd8 33. Rc1 Rd7 34. c4 Rc7 35. Rec3 g6 36. cxd5 Qxc3 37. dxe6+ Ke7 38. Rxc3
Rxc3 39. Qe4 Rc7 40. h3 Rd8 41. Nb1 Rd6 42. Nd2 Rxe6 43. Qh4 Kf8 44. Ne4 Nd5
45. Nc5 Re1+ 46. Kh2 Kg7 47. f3 Rce7 48. Qg3 R1e2 49. Ne4 Ne3 50. Qf4 f5 51.
Qd6 Rf7 52. Qe5+ Kf8 53. Qh8+ Ke7 54. Qe5+ Kf8 1/2-1/2

[Event "Detroit (WCO/5/3)"]
[Site "?"]
[Date "1995.??.??"]
[Round "?"]
[White "McNeil, Yaking"]
[Black "Jointer, William"]
[Result "1-0"]
[WhiteElo "1605"]
[BlackElo "1715"]
[PlyCount "67"]
[EventDate "1995.??.??"]

{5/(3)} 1. e4 c5 2. Nf3 Nc6 3. Bc4 g6 4. c3 Bg7 5. d4 cxd4 6. cxd4 Nf6 7. Nc3
O-O 8. Bf4 Nxe4 9. Nxe4 d5 10. Bd3 dxe4 11. Bxe4 Qa5+ 12. Bd2 Qb5 13. Bc3 Bg4
14. h3 Bxf3 15. Bxf3 Nxd4 16. a4 Qe5+ 17. Be2 Qe4 18. Bxd4 Qxg2 19. Bf3 Qg5 20.
Be3 Qa5+ 21. Kf1 Rfd8 22. Qe1 Qa6+ 23. Kg2 Rac8 24. Qb4 Rc7 25. Rhd1 Rdc8 26.
Rd2 h5 27. Rad1 Bf6 28. Rd8+ Rxd8 29. Rxd8+ Kg7 30. Qf4 g5 31. Qxc7 Qxa4 32.
Bxh5 b6 33. Qc8 Kh6 34. Rh8+ 1-0

[Event "Detroit (MI Action/4/9)"]
[Site "?"]
[Date "1995.??.??"]
[Round "?"]
[White "McNeil, Yaking"]
[Black "Hill, Brad"]
[Result "0-1"]
[WhiteElo "1605"]
[BlackElo "1605"]
[PlyCount "54"]
[EventDate "1995.??.??"]

{4/(9)} 1. e3 Nf6 2. f4 d5 3. b3 Bg4 4. Nf3 e6 5. Be2 Bd6 6. Bb2 Nbd7 7. Nc3 c6
8. d3 Qe7 9. Qd2 b5 10. a3 Nb6 11. e4 dxe4 12. dxe4 Rd8 13. Qc1 Bc7 14. O-O O-O
15. e5 Nfd5 16. Bd3 Qc5+ 17. Rf2 Nxc3 18. b4 Qe7 19. Bxc3 Nd5 20. Bd4 Bb6 21.
Bxb6 Nxb6 22. Be4 Rc8 23. Nd4 Qd7 24. h3 Bh5 25. Rd2 Nc4 26. Rd3 Qb7 27. f5
Nxe5 {[Remainder illegible]} 0-1

[Event "Eastpointe (MCO/1/10)"]
[Site "?"]
[Date "1995.??.??"]
[Round "?"]
[White "McNeil, Yaking"]
[Black "Harris, T."]
[Result "0-1"]
[WhiteElo "1605"]
[BlackElo "2060"]
[PlyCount "84"]
[EventDate "1995.??.??"]

{1/(10)} 1. e3 Nf6 2. f4 d6 3. b3 g6 4. Bb2 Bg7 5. Nf3 O-O 6. Bc4 Nbd7 7. O-O
b6 8. Nd4 Bb7 9. f5 Ne5 10. fxg6 hxg6 11. Be2 Qd7 12. d3 c5 13. Nf3 Neg4 14.
Qd2 Bh6 15. Kh1 Bxe3 16. Qe1 Bh6 17. Nh4 Bg7 18. Nd2 Ne3 19. Qg3 Nxf1 20. Rxf1
e5 21. Ndf3 Nh5 22. Qg5 Qd8 23. Qe3 Nf4 24. Bd1 Qe7 25. g3 Ne6 26. Kg1 Nd4 27.
Bxd4 cxd4 28. Nxd4 Qc7 29. Ndf3 Qc5 30. d4 exd4 31. Qd3 Qc3 32. Qb5 Bc6 33. Qg5
Qe3+ 34. Qxe3 dxe3 35. Be2 Rac8 36. Ng5 d5 37. Bg4 e2 38. Bxe2 Bd4+ 39. Kg2 Be3
40. Nhf3 d4 41. Kh3 Kg7 42. Kg2 Bxg5 0-1

[Event "Grand Rapids (MI Am/4/20)"]
[Site "?"]
[Date "1995.??.??"]
[Round "?"]
[White "McNeil, Yaking"]
[Black "Hammond, M."]
[Result "0-1"]
[WhiteElo "1605"]
[BlackElo "1605"]
[PlyCount "112"]
[EventDate "1995.??.??"]

{4/(20)} 1. e4 e5 2. Nf3 d6 3. Bc4 h6 4. d4 exd4 5. Qxd4 c5 6. Qd1 Nc6 7. O-O
Be7 8. Be3 Nf6 9. Nc3 O-O 10. Nd2 Bg4 11. f3 Bd7 12. a3 Re8 13. Qe1 Ne5 14. Ba2
Rc8 15. Nc4 b5 16. Nxe5 dxe5 17. Qg3 Nh5 18. Qxe5 Bg5 19. Bxg5 hxg5 20. Qd5 Be6
21. Qxd8 Rcxd8 22. Bxe6 Rxe6 23. Rad1 Rb8 24. Rd5 b4 25. axb4 cxb4 26. Ne2 f6
27. Ra1 Re7 28. Nd4 Rc8 29. Rb5 Rc4 30. Rd5 Nf4 31. Rd8+ Kh7 32. b3 Rxd4 33.
Rxd4 Ne2+ 34. Kf2 Nxd4 35. Rc1 Rc7 36. Ke3 Nxb3 37. Rb1 Na5 38. Rxb4 Rxc2 39.
Ra4 Nc6 40. Ra6 Ne5 41. Rxa7 Rxg2 42. f4 gxf4+ 43. Kxf4 Rxh2 44. Kf5 Rf2+ 45.
Ke6 Kh6 46. Ra1 Rg2 47. Rh1+ Kg5 48. Rf1 Rg4 49. Kd5 Rf4 50. Rg1+ Rg4 51. Rf1
g6 52. Rf2 Nd3 53. Rf1 Nf4+ 54. Kd4 Ne2+ 55. Ke3 Ng3 56. Rg1 Nf5+ 0-1

[Event "Gaylord (NMO/2/18)"]
[Site "?"]
[Date "1995.??.??"]
[Round "?"]
[White "McNamara, Ron"]
[Black "Jacobs, Ron"]
[Result "1-0"]
[WhiteElo "1605"]
[BlackElo "1605"]
[PlyCount "103"]
[EventDate "1995.??.??"]

{2/(18)} 1. e4 c5 2. Bc4 d6 3. f4 e6 4. Nf3 Nc6 5. Nc3 g6 6. d3 Bg7 7. Bd2 Nd4
8. Rb1 b6 9. Ne2 Ne7 10. Nexd4 cxd4 11. O-O d5 12. Bb5+ Bd7 13. Bxd7+ Qxd7 14.
e5 Nc6 15. Be1 Qc7 16. Bf2 Ne7 17. Nxd4 Nf5 18. Nxf5 exf5 19. c3 O-O 20. d4 b5
21. Bh4 Rab8 22. Rf3 Rb6 23. Rh3 f6 24. Qe2 Qd7 25. Re1 Re8 26. Re3 Rbe6 27. g4
fxe5 28. gxf5 gxf5 29. fxe5 f4 30. Rf3 Rg6+ 31. Kh1 Rf8 32. Ref1 Bh6 33. Bf6
Bg7 34. Rxf4 Qe6 35. Qf3 Bxf6 36. Rxf6 Rfxf6 37. exf6 Rxf6 38. Qxf6 Qe4+ 39.
Qf3 Qxf3+ 40. Rxf3 Kg7 41. Rf5 Kg6 42. Rxd5 h5 43. Re5 a6 44. d5 Kf6 45. Re1 a5
46. d6 b4 47. d7 bxc3 48. d8=Q+ Kf5 49. Qf8+ Kg4 50. Rg1+ Kh4 51. Qf4+ Kh3 52.
Qg3# 1-0

[Event "Gaylord (NMO/4/13)"]
[Site "?"]
[Date "1995.??.??"]
[Round "?"]
[White "McNamara, Ron"]
[Black "Iyer, Krishnan"]
[Result "0-1"]
[WhiteElo "1605"]
[BlackElo "1605"]
[PlyCount "100"]
[EventDate "1995.??.??"]

{4/(13)} 1. e4 c5 2. Bc4 Nc6 3. Qh5 e6 4. f4 Nf6 5. Qf3 a6 6. e5 Nd4 7. Qc3 Ne4
8. Qd3 Qh4+ 9. g3 Nxg3 10. Qxg3 Qxg3+ 11. hxg3 Nxc2+ 12. Kd1 Nxa1 13. b3 b5 14.
Be2 a5 15. Bxb5 Ba6 16. Bxa6 Rxa6 17. Bb2 a4 18. bxa4 Rxa4 19. Nc3 Ra6 20. Bxa1
g6 21. Kc2 Bg7 22. Nge2 Ke7 23. Kb3 Rb8+ 24. Kc4 h5 25. Kxc5 d6+ 26. exd6+ Rxd6
27. Nb5 Rd5+ 28. Kc4 Bxa1 29. Nec3 Bxc3 30. Nxc3 Rxd2 31. a4 Rg2 32. Rh3 Kd6
33. Ne4+ Kc6 34. Ng5 Rb7 35. Ne4 Rc2+ 36. Kd4 Rb4+ 37. Ke5 Re2 38. Kf6 Rexe4
39. Kxf7 Rxa4 40. Kxg6 Ra5 41. Rxh5 Rxh5 42. Kxh5 Kd7 43. Kg4 Ke7 44. Kf3 Rd4
45. Kg4 Kf6 46. Kh5 Rd5+ 47. Kh4 Kf5 48. Kh3 Rd7 49. Kg2 Kg4 50. Kf2 Rd3 0-1